| 000 | 00570nam a2200145 a 4500 | ||
|---|---|---|---|
| 008 | 100721s1994 ||||||||||||||||| || u | ||
| 050 | _aPAPERS/STAFF | ||
| 100 | _aMutale, F. B. C | ||
| 245 | 1 | 0 | _aImplications of privatization on the Zambian economy: a reflection |
| 260 |
_aLusaka _bZambia Privatization Agency _c1994 |
||
| 350 | _a0.00 | ||
| 650 | 0 | _aPRIVATIZATION | |
| 650 | _aPRIVATISATION--RESEARCH | ||
| 995 |
_D0.00 _FCBU-MAIN LIBRARY (Kitwe) _H1 _I0.00 _M1 _UAVAILABLE _WJul 21, 2010 _ZUniversity Collection |
||
| 999 |
_c46455 _d46455 |
||